000
00206nam a2200097Ia 4500
008
240331s9999 xx 000 0 und d
082
_b
THA
100
_a
Annamalai, C. ed
245
0
_a
Thamizhkkodi
942
_c
L
999
_c
3951
_d
3951